000
00354nam a2200109Ia 4500
008
221009s9999 xx 000 0 und d
082
_a
160
100
_a
झा,सुशीन
_9
79437
245
0
_a
सामान्य बुद्धि एवं तर्कशक्ति परीक्षण
260
_b
Guider Competitive Group
942
_c
BK
999
_c
65355
_d
65355